000 00295nam a2200121Ia 4500
005 20251222140042.0
008 251222s1900||||xx |||||||||||||| ||spa||
020 _a84-348-1473-0
082 _a173/G77
100 _a"Gracias Guillen, Diego"
245 0 _aética de la calidad de vida
942 _cLIB
999 _c3303
_d3303